Champions League Winners - Sudden Death - Statistics

General Stats
  • This quiz has been taken 68 times
  • The average score is 10 of 12
Answers on the Grid
Answers color-coded by a green-red scale on the quiz's grid according to % correct below.
Bayern Munich
Chelsea F.C.
Manchester United
Liverpool F.C.
A.C. Milan
Juventus
Inter Milan
F.C. Barcelona
Steaua Bucharest
Red Star Belgrade
PSG
Benfica
Arsenal
Tottenham Hotspurs
RB Leipzig
Atletico Madrid
Fiorentina
Napoli
Lyon
Utrecht
Rapid Vienna
Zenit St. Petersburg
Malmo
Athletic Club Bilbao
 
Answer Stats
Answer % Correct
F.C. Barcelona
89%
Bayern Munich
86%
Inter Milan
86%
Chelsea F.C.
84%
Liverpool F.C.
84%
PSG
84%
A.C. Milan
82%
Manchester United
80%
Juventus
79%
Benfica
71%
Red Star Belgrade
64%
Steaua Bucharest
64%
No matching quizzes found
Score Distribution
Percent of People with Each Score
Percentile by Number Answered
Your Score History
You have not taken this quiz